<?xml version="1.0" encoding="UTF-8"?>
<collection xmlns="http://www.loc.gov/MARC21/slim">
<record>
  <controlfield tag="001">95610</controlfield>
  <controlfield tag="005">20230622083314.0</controlfield>
  <datafield tag="024" ind1="7" ind2=" ">
    <subfield code="2">doi</subfield>
    <subfield code="a">10.5209/ciyc.68277</subfield>
  </datafield>
  <datafield tag="024" ind1="8" ind2=" ">
    <subfield code="2">sideral</subfield>
    <subfield code="a">119741</subfield>
  </datafield>
  <datafield tag="037" ind1=" " ind2=" ">
    <subfield code="a">ART-2020-119741</subfield>
  </datafield>
  <datafield tag="041" ind1=" " ind2=" ">
    <subfield code="a">spa</subfield>
  </datafield>
  <datafield tag="100" ind1=" " ind2=" ">
    <subfield code="a">Marta-Lazo, C.</subfield>
    <subfield code="u">Universidad de Zaragoza</subfield>
    <subfield code="0">(orcid)0000-0002-0004-1094</subfield>
  </datafield>
  <datafield tag="245" ind1=" " ind2=" ">
    <subfield code="a">Revisión de la literatura científica de la radio universitaria como instrumento de educación mediática</subfield>
  </datafield>
  <datafield tag="260" ind1=" " ind2=" ">
    <subfield code="c">2020</subfield>
  </datafield>
  <datafield tag="506" ind1="0" ind2=" ">
    <subfield code="a">Access copy available to the general public</subfield>
    <subfield code="f">Unrestricted</subfield>
  </datafield>
  <datafield tag="520" ind1="3" ind2=" ">
    <subfield code="a">Esta investigación tiene como objetivo realizar una revisión bibliométrica de la radio universitaria desde una perspectiva educomunicativa, tanto en el ámbito nacional como internacional. Como metodología, se han analizado el contenido de un total de 276 registros del repositorio Web of Science. El análisis de la información se clasificó en cuatro categorías temáticas: primeros estudios científicos de la radio en la universidad; tipologías de los programas radiofónicos en la universidad; países con mayor interés en los estudios sobre la radio universitaria y la radio universitaria y sus programas en las universidades españolas. Tras la revisión de los artículos llegamos a la conclusión de que las publicaciones analizadas plantean el interés de profundizar en la radio como instrumento educomunicativo, con el fin de mejorar la competencia mediática de los universitarios. 

This research aims to conduct a bibliometric review of university radio from an educommunicative perspective, both nationally and internationally. As a methodology, the contents of a total of 276 records of the Web of Science repository have been analyzed. The information analysis was classified into four thematic categories: first scientific studies of radio in the university; typologies of radio programs in the university; countries with greater interest in studies on university radio and university radio and its programs in Spanish universities. After reviewing the articles we conclude that the analyzed publications raise the interest of deepening in the radio as an educonununicative tool, in order to improve the media competence of university students.</subfield>
  </datafield>
  <datafield tag="540" ind1=" " ind2=" ">
    <subfield code="9">info:eu-repo/semantics/openAccess</subfield>
    <subfield code="a">by</subfield>
    <subfield code="u">http://creativecommons.org/licenses/by/3.0/es/</subfield>
  </datafield>
  <datafield tag="655" ind1=" " ind2="4">
    <subfield code="a">info:eu-repo/semantics/review</subfield>
    <subfield code="v">info:eu-repo/semantics/publishedVersion</subfield>
  </datafield>
  <datafield tag="700" ind1=" " ind2=" ">
    <subfield code="a">Ortiz-Sobrino, M.A.</subfield>
  </datafield>
  <datafield tag="700" ind1=" " ind2=" ">
    <subfield code="a">Penalva-Tobias, S.</subfield>
  </datafield>
  <datafield tag="700" ind1=" " ind2=" ">
    <subfield code="a">Lopez, J.G.</subfield>
  </datafield>
  <datafield tag="710" ind1="2" ind2=" ">
    <subfield code="1">5013</subfield>
    <subfield code="2">675</subfield>
    <subfield code="a">Universidad de Zaragoza</subfield>
    <subfield code="b">Unidad Predepartam. Period.Co.</subfield>
    <subfield code="c">Área Periodismo</subfield>
  </datafield>
  <datafield tag="773" ind1=" " ind2=" ">
    <subfield code="g">25 (2020), 257-268</subfield>
    <subfield code="p">Cuad. inf. comun.</subfield>
    <subfield code="t">Cuadernos de información y comunicación</subfield>
    <subfield code="x">1135-7991</subfield>
  </datafield>
  <datafield tag="856" ind1="4" ind2=" ">
    <subfield code="s">338534</subfield>
    <subfield code="u">http://zaguan.unizar.es/record/95610/files/texto_completo.pdf</subfield>
    <subfield code="y">Versión publicada</subfield>
  </datafield>
  <datafield tag="856" ind1="4" ind2=" ">
    <subfield code="s">269631</subfield>
    <subfield code="u">http://zaguan.unizar.es/record/95610/files/texto_completo.jpg?subformat=icon</subfield>
    <subfield code="x">icon</subfield>
    <subfield code="y">Versión publicada</subfield>
  </datafield>
  <datafield tag="909" ind1="C" ind2="O">
    <subfield code="o">oai:zaguan.unizar.es:95610</subfield>
    <subfield code="p">articulos</subfield>
    <subfield code="p">driver</subfield>
  </datafield>
  <datafield tag="951" ind1=" " ind2=" ">
    <subfield code="a">2023-06-21-15:01:15</subfield>
  </datafield>
  <datafield tag="980" ind1=" " ind2=" ">
    <subfield code="a">ARTICLE</subfield>
  </datafield>
</record>
</collection>